Countries and Territories that have ever used the Franc - Statistics

General Stats
  • This quiz has been taken 36 times
  • The average score is 32 of 48
Answer Stats
Years: Country: % Correct
1880-date Mali
100%
1900-date Niger
100%
1895-date Senegal
100%
1887-1960 Belgian Congo
96%
1900-date Chad
96%
1960-1967; 1997-date Democratic Republic of the Congo
96%
1794-2001 France
96%
1882-date Republic of the Congo
96%
1832-2001 Belgium
92%
1903-date Central African Republic
92%
1886-date Comoros
92%
1839-2001 Luxembourg
92%
1897-2005 Madagascar
92%
1910-1959 Morocco
92%
1798-date Switzerland
92%
1848-1964 Algeria
88%
1894-date Benin
88%
1896-date Burkina Faso
88%
1962-date Burundi
88%
1891-date Guinea
88%
1795-2001 Monaco
88%
1916-1962 Ruanda-Urundi
88%
1916-date Togo
88%
1887-1957 Tunisia
88%
1903-1973 Mauritania
84%
1862-date Rwanda
84%
1916-date Cameroon
80%
1882-date Gabon
80%
1893-date Ivory Coast
80%
1883-date Djibouti
76%
1920-date Liechtenstein
76%
1891 Dominican Republic
64%
1984-date Equatorial Guinea
60%
1860-1887 Cambodia
48%
1885-date French Polynesia
44%
1853-date New Caledonia
44%
1814-date Saint Pierre and Miquelon
32%
1887-date Wallis and Futuna
28%
1795-2001 Saint Martin
24%
1870-1892 Hungary
16%
1919-1935; 1947-1956 Saarland
16%
1878-2001 Saint Barthélemy
16%
1868-1873 Sweden
16%
1858 Ecuador
4%
1960-1963 Katanga
4%
1805-1808 Lucca
4%
1887-1982 New Hebrides
4%
1800-1814 Piedmont
0%
No matching quizzes found
Score Distribution
Percent of People with Each Score
Percentile by Number Answered
Your Score History
You have not taken this quiz